Thủ thuật windows XP

Đã lưu trong:
书目详细资料
主要作者: Lê Xuân Đồng
格式: 图书
语言:Undetermined
出版: Tp. HCM Thống Kê 2002
主题:
标签: 添加标签
没有标签, 成为第一个标记此记录!
Thư viện lưu trữ: Trung tâm Học liệu Trường Đại học Cần Thơ
LEADER 00495nam a2200181Ia 4500
001 CTU_54765
008 210402s9999 xx 000 0 und d
020 |b 15000 
082 |a 005.43769 
082 |b Đ455 
100 |a Lê Xuân Đồng 
245 0 |a Thủ thuật windows XP 
245 0 |c Lê Xuân Đồng 
260 |a Tp. HCM 
260 |b Thống Kê 
260 |c 2002 
650 |a windows ( computer programs ) 
980 |a Trung tâm Học liệu Trường Đại học Cần Thơ